| 000 | 00346nam a2200133Ia 4500 | ||
|---|---|---|---|
| 008 | 240624s9999 xx 000 0 und d | ||
| 041 | _aeng | ||
| 082 | _a658.8 BAL | ||
| 100 | _aBALLBACK JANE | ||
| 245 | _aMARKETING YOURSELF AND YOUR CAREER | ||
| 260 |
_c1998 _aNew Delhi _bWheeler Publishing |
||
| 300 | _a106 : p. : cm. ; 23 | ||
| 365 |
_cRS _b30 |
||
| 999 |
_c13699 _d13699 |
||